Del acueducto al alcázar / (Record no. 186778)

MARC details
000 -LEADER
campo de control de longitud fija 00810nam a2200205 i 4500
001 - NÚMERO DE CONTROL
campo de control 186778
003 - IDENTIFICADOR DE NÚMERO DE CONTROL
campo de control ES-MaACL
005 - FECHA Y HORA DE LA ÚLTIMA TRANSACCIÓN
campo de control 20251012063103.0
008 - DATOS DE LONGITUD FIJA--INFORMACIÓN GENERAL
campo de control de longitud fija 170215s1910 sp |||| | spa d
080 ## - NÚMERO DE LA CLASIFICACIÓN DECIMAL UNIVERSAL
Número de la Clasificación Decimal Universal 821.134.2-32"19"
100 1# - ENTRADA PRINCIPAL--NOMBRE DE PERSONA
Nombre de persona Leyda, Rafael,
Fechas asociadas al nombre 1870-1916
9 (RLIN) 72097
245 10 - MENCIÓN DEL TÍTULO
Título Del acueducto al alcázar /
Mención de responsabilidad, etc. novela de Rafael Leyda ; ilustraciones de F.- Mota.
260 ## - PUBLICACIÓN, DISTRIBUCIÓN, ETC.
Lugar de publicación, distribución, etc. Madrid :
Nombre del editor, distribuidor, etc. Los Contemporáneos,
Fecha de publicación, distribución, etc. 1910.
300 ## - DESCRIPCIÓN FÍSICA
Extensión [20] p. :
Otras características físicas il. ;
Dimensiones 28 cm.
490 1# - MENCIÓN DE SERIE
Mención de serie Los contemporáneos ;
Designación de volumen o secuencia 81
700 1# - ENTRADA AGREGADA--NOMBRE PERSONAL
Nombre de persona Mota, F. (
Fechas asociadas al nombre fl. 1901)
9 (RLIN) 49947
830 0# - PUNTO DE ACCESO ADICIONAL DE SERIE-TÍTULO UNIFORME
Título uniforme Los contemporáneos ;
Designación de volumen o secuencia 81
9 (RLIN) 185715
852 ## - LOCALIZACIÓN
Ubicación ES-MaACL
Número de control de estantería R-2599(3)
Nota libre .- Ejemplar muy deteriorado, falta texto ; encuadernado entre medias portada del nº 86 de los Contemporaneos y una página del nº 85
Holdings
Estatus retirado Estado de pérdida Estado de daño No para préstamo Biblioteca de origen Biblioteca actual Ubicación en estantería Fecha de adquisición Fuente de adquisición Total de préstamos Signatura topográfica completa Código de barras Visto por última vez Precio de reemplazo Tipo de ítem Koha
        Biblioteca del Ateneo de Madrid Biblioteca del Ateneo de Madrid Depósito 15/02/2017     R-2599(3) 1197014 23/02/2023 23/02/2023 Libro impreso